| 000 | 00593nam a2200181Ia 4500 | ||
|---|---|---|---|
| 003 | GCL | ||
| 008 | 140319s9999 xx 000 0 ara d | ||
| 040 |
_aGCL / _cGCL |
||
| 082 | 0 | 4 |
_a811.094 _bا ا |
| 100 | 1 | _aاحمد سويلم | |
| 245 | 1 | 0 |
_aالاعمال الشعرية 1987-1967 / _cاحمد سويلم |
| 260 |
_a[S.N] : _bالمؤسسة العربية للدراسات والنشر ، _c1994 |
||
| 300 | _a664 ص | ||
| 490 | _a | ||
| 650 | 0 | 4 | _aالشعر العربى - دواوين وقصائد |
| 650 | 0 | 4 | _aالشعر العربى - العصر الحديث |
| 942 |
_2ddc _cBK |
||
| 999 |
_c55965 _d55965 |
||